1868 1809 1886 1813 1075 1045 1980 1803 1312 1412 1016 1741 1603 1179 1553 1941 1927 1972 1435 1892 1725 1427 1243 1047 1019 1809 1090 1721 1132 1702 1045 1106 1392 1785 1863 1336 1614 1290 1993 1413 1797 1046 1771 1581 1668 1588 1926 1686 1772 1143 1146 1221 1243 1617 1849 1246 1252 1533 1061 1926 1397 1443 1208 1639 1598 1615 1261 1504 1347 1740 1151 1842 1280 1426 1489 1070 1865 1207 1642 1053 1628 1985 1504 1393 1610 1046 1118 1164 1264 1740 1942 1639 1323 1880 1692 1205 1601 1209 1679 BCNSPRNW ULIB Ver.6.0+V

เปลี่ยนเป็นภาษาไทย

Change to English
 แสดงรายละเอียดบรรณานุกรม
  กลับหน้าหลัก

Brief Record : Get Marc (ISO 2709) : E-mail record : QR code < ปิดหน้าต่าง
LEADER : 00000nam 2200000uu 4500
001    13399113132
003     ULIB
008    110927s2549||||th 000 0 tha d
020    9789742987381
050 04 Q158.5^bP111 2549
245 10 ฟิสิกส์ และ เคมี =^bEssential atlas of physics and chemistry /^cยิ่งศักดิ์ นิตยฤกษ์, แปล
246 31 Essential atlas of physics and chemistry
260    กรุงเทพฯ :^bชมรมเด็ก,^c2549
300    96 หน้า :^bภาพประกอบ, ตาราง
650  7 เคมี
650  7 ฟิสิกส์
700 00 ยิ่งศักดิ์ นิตยฤกษ์,^eผู้แปล
945    ^p300^l0^i026588
995    ทศพร
999 ^a ทศพร
รายการนี้ยังไม่มีแท็ก
คุณยังไม่ได้ล็อกอิน คุณสามารถมีกิจกรรมร่วมกับเว็บไซต์ได้ แต่ต้องล็อกอินก่อน ::
  ล็อกอิน

รายการสื่อสารสนเทศ

ลำดับที่ ประเภท เลขเรียก/บาร์โค้ด สถานที่ สถานะ
- ไม่พบข้อมูล -

รายการใกล้เคียง
    หัวเรื่อง [เคมี]
    หัวเรื่อง [ฟิสิกส์]

BibComment


ยังไม่เคยถูกคอมเมนท์

คอมเมนท์ทรัพยากรรายการนี้
  คอมเมนท์: ฟิสิกส์ และ เคมี ..


 Copyright 2026. Bcnsprnw @Library